000 00548nam a2200121 a 4500
008 080514s1994 ||||||||||||||||| || u
050 _aTHESIS
100 _aKazimbaya, B
245 1 0 _aSocial economic and physical proposals for the development of Chambeshi
260 _aKitwe
_bCopperbelt University, School of Built Environment,Department of Urban and Regional Planning
_c1994
350 _a0.00
995 _D0.00
_FCBU-MAIN LIBRARY (Kitwe)
_H1
_I0.00
_M1
_UAVAILABLE
_WMay 14, 2008
_ZUniversity Collection
999 _c57682
_d57682